书目信息 |
| 题名: |
基础化学实验大全
|
|
| 作者: | 赤堀四郎 , 木村健二郎 主编 ;李福绵 , 王文江 译 | |
| 分册: | 1 实验基础 | |
| 出版信息: | 北京 科学普及出版社 1985 |
|
| 页数: | 335页 | |
| 开本: | 20cm | |
| 丛书名: | ||
| 单 册: | ||
| 中图分类: | O6-33 | |
| 科图分类: | ||
| 主题词: | 化学实验 | |
| 电子资源: | ||
| ISBN: | 7-110-00821-5 | |
| 000 | 00819nam0 2200265 45 | |
| 001 | 0185010891 | |
| 005 | 20040701152050.9 | |
| 010 | @a7-110-00821-5@dCNY3.30 | |
| 100 | @a19900918d1985 emky0chiy0121 ea | |
| 101 | 1 | @achi@cjpn |
| 102 | @aCN@b110000 | |
| 105 | @ay z 000yy | |
| 106 | @ar | |
| 200 | 10 | @a基础化学实验大全@Aji chu hua xue shi yan da quan@h1@i实验基础@f(日)赤堀四郎, (日)木村健二郎主编@g李福绵, 王文江译 |
| 210 | @a北京@c科学普及出版社@d1985 | |
| 215 | @a335页@d20cm | |
| 606 | 0 | @a化学实验 |
| 690 | @aO6-33@v3 | |
| 701 | 0 | @a赤堀四郎@Achi ku si lang@4主编 |
| 701 | 0 | @a木村健二郎@Amu cun jian er lang@4主编 |
| 702 | 0 | @a李福绵@Ali fu mian@4译 |
| 702 | 0 | @a王文江@Awang wen jiang@4译 |
| 801 | 0 | @aCN@b深圳图书馆@c20040520 |
| 801 | 2 | @aCN@bNLC@c20040520 |
| 905 | @dO6-33@e215:1@f1@b225843 | |
| 基础化学实验大全.1.实验基础/(日)赤堀四郎, (日)木村健二郎主编/李福绵, 王文江译.-北京:科学普及出版社,1985 |
| 335页;20cm |
| ISBN 7-110-00821-5:CNY3.30 |
| ● |
| 相关链接 |
|
|
|
|
正题名:基础化学实验大全
索取号:O6-33/215:1
 
预约/预借
| 序号 | 登录号 | 条形码 | 馆藏地/架位号 | 状态 | 备注 |
| 1 | 0225840 | 000341348 | 第三借阅区/ [索取号:O6-33/215:1] | 在馆 | |
| 2 | 0225841 | 000341339 | 第三借阅区/ [索取号:O6-33/215:1] | 在馆 | |
| 3 | 0225842 | 000341311 | 第三借阅区/ [索取号:O6-33/215:1] | 在馆 | |
| 4 | 0225843 | 001941705 | 第三借阅区/ [索取号:O6-33/215:1] | 在馆 | |
| 5 | 0225844 | 000341320 | 第二样本阅览室/ [索取号:O6-33/215:1] | 在馆 |